00509nam a2200205 a 4500001001300000003000900013005001700022008004100039020001000080082001500090100001500105245003000120260004200150300000900192500003500201505001000236650002600246650001600272700001500288nice12345678IN_TiNIC20260116014944.0070702s1977 loua grp 000 0 eng  ac10000a232.8bHIC aHick, John aThe Myth of God Incarnate aLouisvillebWestminister Press c1977 a211p aincludes index and biblioraphy2 aIndex aJesus Christ-Divinity aIncarnation1 aHick, John